000 00468nam a2200193Ia 4500
005 20250423095055.0
008 250422s9999 xx 000 0 und d
020 _a9780357363232
050 _aBF 121 .C32/
100 _aCacioppo T. John
245 0 _aDiscovering psychology : the science of mind
250 _a4th ed.
260 _aBoston, MA, USA
260 _bCengage
260 _c2022
300 _a684 p
650 _a Psychology.
942 _cBK
999 _c29160
_d29160